000 00499nam a2200181Ia 4500
008 230125s9999 xx 000 0 und d
020 _a0-929923-20-0
041 _aeng
082 _a305.4
_bMAC
100 _aMackoff B
_9113938
245 _aWhat Mona Lisa knew
260 _c1992
_bHarper Collins Publishers
_aNew Delhi
300 _a377p
500 _aWomen;Stress managment;Women in business
650 _aWomen Study
700 _aMackoff B
_9113938
999 _c91212
_d91212